| 000 | 00823pam a2200265 a 4500 | ||
|---|---|---|---|
| 008 | |||
| 020 | _a1895712246 (Captus Press) | ||
| 020 | _a0412600900 (Chapman & Hall) | ||
| 049 | _aMAIN | ||
| 090 |
_aRM930 _bBRO |
||
| 100 | 1 | _aBrown, Roy I. | |
| 245 | 1 | 0 |
_aBehavioural and social rehabilitation and training / _cRoy I. Brown and E. Anne Hughson. |
| 250 | _a2nd ed. | ||
| 260 |
_aNorth York : _bCaptus Press, _cc1993. |
||
| 300 |
_axi, 248 p. : _bill. ; _c23 cm. |
||
| 500 | _aIncludes index. | ||
| 504 | _aIncludes bibliographical references. | ||
| 650 | 0 |
_aPeople with disabilities _xRehabilitation. |
|
| 700 | 1 | _aHughson, E. Anne. | |
| 907 |
_a.b10229747 _b11-09-12 _c09-02-07 |
||
| 003 | |||
| 005 | 20230120203941.0 | ||
| 040 | _cNUST | ||
| 942 |
_cBOOKS _kRM930 _mBRO |
||
| 999 |
_c114455 _d114455 |
||